| 000 | 00412nam a2200145Ia 4500 | ||
|---|---|---|---|
| 008 | 210210b1984 xxu||||| |||| 00| 0 eng d | ||
| 082 | _a658 BANB | ||
| 100 | _aBANNERJEE (Mrityunjoy). | ||
| 245 | _aBusiness Organisation and Management. | ||
| 260 |
_aNew Delhi. _bKalyani Publishers., _c1984 |
||
| 300 | _axiv,195,vii | ||
| 650 | _aBusiness Organisation, Management | ||
| 690 | _aManagemen | ||
| 906 | _a04460 | ||
| 999 |
_c94416 _d94416 |
||